Responses for show #4221 - Monday, December 30, 2002

Contestants

Scott Quick, a writer originally from Zionsville, Indiana

Margaret Eves, a sales representative from Marietta, Georgia

Steve Frost, a technology salesman from Mountain View, California (whose 2-day cash winnings total $26,400)

Jeopardy! Round responses

THE SMALLEST IN AREA
(Alex: We'll give you the selection.)
I SHOT THE SHARIF
VICTIMS
ALLOYS
COFFEE BRANDS
WORDS FROM 2 LETTERS
(Alex: Let me give you an example: for example, if we said "a synonym for simple", what is "easy", "E-Z", that's a word from 2 letters.)
    $200 9
Monaco

Steve
    $200 8
Lawrence of Arabia

Margaret
    $200 6
(Steve: What is a knife?)

umbrella

Steve
Triple Stumper
    $200 26
friction

Steve
    $200 15
Brim

Scott
    $200 1
M-E/Emmy

Steve
    $400 11
Guyana

Scott
    $400 22
Doctor Zhivago

Scott
    $400 7
John Connally

Margaret
    $400 27
iron

Steve
    $400 16
Folgers

Steve
    $400 2
T-P/tepee

Steve
    $600 12
Slovenia

Scott
    $600 23
(Steve: Who is Che Guevara?)

Fidel Castro

SteveMargaret
    $600 10
LaBianca

Triple Stumper
    $600 28
brass

Triple Stumper
    $600 17
Maxwell House

Triple Stumper
    $600 3
M-T/empty

Steve
    $800 13
Haiti

Scott
    $800 24
(Alex: With about a minute to go now.)

Funny Girl

Margaret
    $1,400 20
Borden

Margaret
    $800 29
white gold

Steve
    $800 18
Taster's Choice

Margaret
    $800 4
I-V/ivy

Steve
    $1000 14
Tunisia

Steve
    $1000 25
Blake Edwards

Steve
    $1000 21
Austria

Triple Stumper
    $1000 30
osmium

Scott
    $1000 19
Sanka ("sans cafeine")

Margaret
    $1000 5
C-D/seedy

Triple Stumper

Scores at the first commercial break (after clue 14):

Steve Margaret Scott
$3,000 $600 $1,800

Scores at the end of the Jeopardy! Round:

Steve Margaret Scott
$5,200 $5,200 $3,400

Double Jeopardy! Round responses

FRENCH LIT
FASHIONABLE NAMES
MUSICAL TRIBUTES
HI "YO"
SILVER
WHO WAS THAT MOSQUE MAN?
    $400 1
"Les Miserables"

Steve
    $400 18
Audrey Hepburn

Margaret
    $400 13
The Doors

Steve
    $400 3
Yo ho ho

Steve
    $400 8
Coors

Scott
    $400 22
Kareem Abdul-Jabbar

Margaret
    $800 2
"Remembrance of Things Past"

Triple Stumper
    $800 19
(Margaret: Who is Gucci?)

Kate Spade

Margaret
Triple Stumper
    $800 14
Fred Astaire

Steve
    $800 4
Yokohama

Margaret
    $800 9
Rolls-Royce

Steve
    $800 23
(Alex: With a minute to go.)

Omar Khayyam

Scott
    $100 27
[buzzer sounds to end the round]

"The Three Musketeers"

Steve
    $1200 20
Vera Wang

Triple Stumper
    $1200 15
John Denver

Triple Stumper
    $1200 5
Yorba Linda

Steve
    $1200 10
(Andrew) Dice (Clay)

Triple Stumper
    $1200 24
Elijah Muhammad

Steve
    $1600 21
Donna Karan

Steve
    $1600 16
Diana Ross

Margaret
    $1600 6
Andrew Young

Margaret
    $1600 11
Mexico

Triple Stumper
    $1600 25
Mohammed

Triple Stumper
    $2000 17
Judy Garland

Triple Stumper
    $2000 7
Yoruba

Triple Stumper
    $2000 12
House of Representatives

Triple Stumper
    $1,000 26
Saladin

Steve

Scores at the end of the Double Jeopardy! Round:

Steve Margaret Scott
$13,100 $9,200 $4,600

[wagering suggestions for these scores]

Final Jeopardy! Round responses

BUSINESS GIANTS
ScottWhat is R.J. Reynolds
$4,599
MargaretWhat is Dow?
$4,900
SteveWhat is Merrill Lynch?
$5,400
General Electric

Final scores:

Steve Margaret Scott
$7,700 $4,300 $1
3-day champion: $34,100 2nd place: $2,000 3rd place: $1,000

Game dynamics:

Coryat scores:

Steve Margaret Scott
$15,200 $8,600 $4,600
21 R
(including 2 DDs),
2 W
12 R
(including 1 DD),
1 W
8 R,
0 W

Combined Coryat: $28,400

The J! Archive is created by fans, for fans. The Jeopardy! game show and all elements thereof, including but not limited to copyright and trademark thereto, are the property of Jeopardy Productions, Inc. and are protected under law. This website is not affiliated with, sponsored by, or operated by Jeopardy Productions, Inc. Join the discussion at JBoard.tv.